| 000 | 00778nam a2200181 a 4500 | ||
|---|---|---|---|
| 005 | 20250508063850.0 | ||
| 008 | 991125s1961 mx 000 0 spa u | ||
| 035 | _aUPN01000031193 | ||
| 049 | _aCG | ||
| 050 | 4 |
_aG2 _bI5.5 1961 |
|
| 245 | 0 | 0 | _aInforme quinquenal 1956-1961 del secretario general Arq. Ignacio Marquina que somete a la consideración de la VII Asamblea General. |
| 260 |
_aMéxico : _bInstituto Panamericano de Geografía e Historia, _c1961. |
||
| 300 | _a147 p. | ||
| 440 | 0 |
_aInstituto Panamericano de Geografía e Historia. _pPublicación ; _v234 |
|
| 610 | 2 | 4 |
_aInstituto Panamericano de Geografía e Historia _vInformes _926766 |
| 711 | 2 |
_aAsamblea General del Instituto Panamericano de Geografía e Historia _n(7a : _d1961 : _cBuenos Aires) |
|
| 905 | _aLibro | ||
| 999 |
_c31193 _d31193 |
||